000 00886nmm a2200265 a 4500
001 ocm0001411860
003 TR-IsHL
005 20201028164209.0
008 160220s2014 tu tur
007 cr cn
020 _a9789752699151
035 _a1411860
_b(N$T)
050 0 4 _aDR496
_b.B34 2014
090 0 4 _aDR496
_b.B34 2014
100 1 _aBahadıroğlu, Yavuz
245 1 0 _aNiğbolu aslanı Yıldırım Bayezid
_h[electronic resource] /
_cYavuz Bahadıroğlu
260 _aİstanbul :
_bNesil Yayınları,
_c2014
300 _a117 p.
650 4 _aTarih
650 4 _aHistory
650 0 _aYıldırım Bayezid, Osmanlı Padişahı
650 0 _aYıldırım Bayezid, Sultan of the Turks
650 7 _aHISTORY / Middle East / Turkey & Ottoman Empire
_2bisacsh
856 4 0 _uhttp://search.ebscohost.com/login.aspx?direct=true&scope=site&db=e011xww&AN=1411860
999 _c15548
_d15548